000 00539nam a2200181 a 4500
001 001041467
003 AM-YeHGA
005 20250617150912.0
008 141017s1981 ||| r 000 0 rus d
040 _aAM-YeHGA
041 0 _arus
100 1 _aПопов, Николай Иванович
245 1 0 _aНе поле перейти /
_cНиколай Попов.
260 _aМосква :
_bМоск. рабочий,
_c1981.
300 _a335 с. :
_bил.
653 0 _aСоветская литература
090 _c342533
999 _c340748
_d340748